No bull selling

Bibliographic Details
Main Author: Trisler, Hank
Format: Book
Published: Kuala Lumpur : Golden Books Centre Sdn Bhd , 1992
Subjects:

MARC

LEADER 00000cam a2200000 7i4500
001 0000004088
002 000004400
005 20000330.0
020 |a 9837200111 
090 0 0 |a 658.81   |b TRI 
100 1 |a Trisler, Hank 
245 1 0 |a No bull selling   |c Hank Trisler 
260 |a Kuala Lumpur :   |b Golden Books Centre Sdn Bhd ,   |c 1992 
300 |a 164p. ;   |c 22cm. 
650 0 0 |a Selling 
999 |a 033406   |b BUKU   |c PINJAMAN   |e PERPUSTAKAAN KOMUNITI PETALING JAYA